LDR 01285nam a2200289 i 4500 001 000000011196 003 CaOOAMICUS 005 20260605125501.0 008 180830s2002 it u000 u ita u 040 $aSeMil$bita 245 10$aArti e storia nel Medioevo /$ca cura di Enrico Castelnuovo e Giuseppe Sergi. 264 1$aTorino :$bGiulio Einaudi,$c2002-2003. 300 $a4 v. :$bill. ;$c22 cm. 500 $aIn cofanetto. 650 4$aCiviltà medievale.$0(OLS)http://semarc/subject/56192 650 4$aMedioevo - Storia.$0(OLS)http://semarc/subject/44562 650 4$aMedioevo - Arti.$0(OLS)http://semarc/subject/60425 650 4$aMedioevo - Tecniche.$0(OLS)http://semarc/subject/23870 700 1 $aCastelnuovo, Enrico,$d<1929-2014>.$0(OLS)http://semarc/name/5345 700 1 $aSergi, Giuseppe <1946- >.$0(OLS)http://semarc/name/5413 774 0 $tTempi Spazi Istituzioni.$z88-06-14124-4$w()124195 774 0 $tDel costruire.$z88-06-15295-5$w()124197 774 0 $tDel vedere.$z88-06-15296-3$w()132067 774 0 $tMedioevo al passato e al presente.$z88-06-15297-1$w()131552 996 $6245$aArti e storia nel Medioevo$9(OLS)http://semarc/title/14795 996 $6264$aTorino :$bGiulio Einaudi$9(OLS)http://semarc/publisher/29810